Statistics for FIFA Women's World Cup Top 4 Positions

Click here to take the quiz!

General Stats

  • This quiz has been taken 9,913 times
    (9,711 since last reset)
  • The average score is 10 of 11

Answer Stats

Answer % Correct
United States
100%
Germany
95%
France
93%
Netherlands
92%
Sweden
91%
Brazil
90%
Japan
89%
England
87%
Canada
83%
Norway
80%
China
79%

Score Distribution

Percentile by Number Answered

Percent of People with Each Score

Your Score History

You have not taken this quiz since the last reset